| 000 | 00336nam a2200133Ia 4500 | ||
|---|---|---|---|
| 008 | 220613s9999||||xx |||||||||||||| ||und|| | ||
| 100 | _aRIichard C W Hall | ||
| 245 | 0 | _aPsychiatric Presntations Of Medical Illness | |
| 250 | _a1980 | ||
| 260 | _bSP MEDICAL & SCIENTIFIC BOOKS | ||
| 300 | _a421 | ||
| 650 | _aPsychiatric | ||
| 942 | _cMEDI | ||
| 999 |
_c2074 _d2074 |
||